LEADER 01125cam0 2200277 450 001 E600200042551 005 20210608072056.0 100 $a20081201d1943 |||||ita|0103 ba 101 $aita 102 $aIT 200 1 $aGiovanni Althusius e lo sviluppo storico delle teorie politiche giusnaturalistiche$eContributo alla storia della sistematica del diritto$fOtto Von Gierke$gcur. Antonio Giolitti 210 $aTorino$cEinaudi$d1943 215 $aXI, 253 p.$d22 cm 225 2 $aBiblioteca di cultura giuridica$v1 410 1$1001LAEC00025839$12001 $a*Biblioteca di cultura giuridica$v1 700 1$aGierke$b, Otto von$3AF00009366$4070$0138092 702 1$aGiolitti, Antonio$3A600200030835$4070 801 0$aIT$bUNISOB$c20210608$gRICA 850 $aUNISOB 852 $aUNISOB$j320$m68501 912 $aE600200042551 940 $aM 102 Monografia moderna SBN 941 $aM 957 $a320$b001456$gSi$d68501$rAcquisto$1pregresso2$2UNISOB$3UNISOB$420081201091503.0$520200109092239.0$6Spinosa 996 $aGiovanni Althusius e lo sviluppo storico delle teorie politiche giusnaturalistiche$9689497 997 $aUNISOB